000 00469nam a2200169 a 4500
001 5246
003 CO-ViMGA
008 141112s2004 ck r 000 u spa d
040 _aCO-ViMGA
_bspa
_cCO-ViMGA
082 _a720.9 A715
100 1 _aArango, Silvia
_95119
245 1 0 _aHistoria de la arquitectura en colombia
260 _aBogotá :
_bUniversidad Nacional,
_c1993
300 _a291 : il
650 1 4 _aARQUITECTURA - HISTORIA - COLOMBIA
_95120
942 _2ddc
_cBK
999 _c10630
_d10630